Państwa produkujące najwięcej kukurydzy - Statystyki

Ogólne statystyki
  • Ten quiz został rozwiązany 65 razy
  • Średni wynik to 13 z 20
Statystyki odpowiedzi
Produkcja kukurydzy w tonach Państwo % Poprawnych
392 450 840 Stany Zjednoczone
100%
257 348 659 Chiny
98%
27 820 000 Indie
97%
82 288 298 Brazylia
88%
11 419 020 Rosja
88%
27 169 977 Meksyk
86%
43 462 323 Argentyna
83%
13 884 800 Kanada
81%
12 667 393 Francja
78%
35 801 050 Ukraina
76%
12 510 000 Republika Południowej Afryki
66%
30 253 938 Indonezja
64%
7 300 000 Egipt
63%
6 308 897 Pakistan
63%
10 155 027 Nigeria
49%
18 663 939 Rumunia
44%
7 963 217 Węgry
37%
7 360 201 Etiopia
36%
7 771 919 Filipiny
31%
6 964 770 Serbia
17%
Nie znaleziono quizów pasujących do podanych kryteriów
Rozkład punktacji
Procent ludzi z każdym wynikiem
Percentyl według liczby udzielonych odpowiedzi
Twoja historia wyników
Nie rozwiązałeś tego quizu